Putin’s Ukraine: The end of war and the price of Russian occupation (Record no. 529755)
[ view plain ]
| 000 -LEADER | |
|---|---|
| fixed length control field | 01049nam a22001337a 4500 |
| 008 - FIXED-LENGTH DATA ELEMENTS--GENERAL INFORMATION | |
| fixed length control field | 250507b ||||| |||| 00| 0 eng d |
| 100 ## - MAIN ENTRY--PERSONAL NAME | |
| Personal name | Nataliya Gumenyuk |
| 245 ## - TITLE STATEMENT | |
| Title | Putin’s Ukraine: The end of war and the price of Russian occupation |
| 260 ## - PUBLICATION, DISTRIBUTION, ETC. (IMPRINT) | |
| Place of publication, distribution, etc | Foreign Affairs |
| 300 ## - PHYSICAL DESCRIPTION | |
| Extent | 104(2), Mar-Apr, 2025: p.62-75 |
| 520 ## - SUMMARY, ETC. | |
| Summary, etc | From afar, the situation Ukraine faces after three years of full-scale war with Russia seems clear. Over the past 12 months, Moscow has intensified its assault on civilian populations, sending drones, missiles, and bombs in almost daily attacks on cities across the country. Infrastructure and power stations have been relentlessly targeted. Millions of people have been displaced, and millions more who fled the country after 2022 have been unable to return. Even as Ukraine has struggled to hold the frontlines, its soldiers continue to be injured and killed.- Reproduced https://www.foreignaffairs.com/russia/putin-ukraine-end-war-russian-occupation |
| 773 ## - HOST ITEM ENTRY | |
| Main entry heading | Foreign Affairs |
| 942 ## - ADDED ENTRY ELEMENTS (KOHA) | |
| Item type | Articles |
| Withdrawn status | Lost status | Source of classification or shelving scheme | Damaged status | Not for loan | Permanent location | Current location | Date acquired | Serial Enumeration / chronology | Barcode | Date last seen | Koha item type |
|---|---|---|---|---|---|---|---|---|---|---|---|
| Indian Institute of Public Administration | Indian Institute of Public Administration | 2025-05-07 | 104(2), Mar-Apr, 2025: p.62-75 | AR135634 | 2025-05-07 | Articles |
